[Event "Girona-ch "]
[Site "Girona"]
[Date "2017.10.15"]
[Round "2"]
[White "Palmero Castillo, Marcelino"]
[Black "Parals Marce, Luis"]
[Result "0-1"]
[WhiteElo "1742"]
[BlackElo "2061"]
[PlyCount "50"]
[EventDate "2017.10.08"]
[EventType "swiss"]
[EventRounds "9"]
[EventCountry "ESP"]
[SourceTitle "CBM 181 Extra"]
[Source "ChessBase"]
[SourceDate "2017.12.12"]
[SourceVersion "1"]
[SourceVersionDate "2017.12.12"]
[SourceQuality "1"]

1. Nf3 g6 2. e4 Bg7 3. d4 d6 4. Bf4 c5 5. Bb5+ Bd7 6. Bxd7+ Nxd7 7. e5 dxe5 8. dxe5 g5 9. Nxg5 Nxe5 10. Qe2 Ng6 11. Bc1 Nf6 12. Qb5+ Qd7 13. Qxd7+ Nxd7 14. 0-0 0-0 15. Nd2 Rfd8 16. Rb1 Nde5 17. b3 Nc6 18. Ndf3 Nb4 19. Ba3 Nf4 20. Rfe1 Nxc2 21. Bxc5 Nxe1 22. Rxe1 Nd3 23. Bxe7 Nxe1 24. Bxd8 Nxf3+ 25. Nxf3 Rxd8 0-1

[Event "Barcelona Primavera La Lira op 9th"]
[Site "Barcelona"]
[Date "2016.05.12"]
[Round "6"]
[White "Palmero Castillo, Marcelino"]
[Black "Orts Gonzalez, Rafael"]
[Result "1-0"]
[WhiteElo "1647"]
[BlackElo "1182"]
[PlyCount "79"]
[EventDate "2016.04.07"]
[EventType "swiss"]
[EventRounds "9"]
[EventCountry "ESP"]
[SourceTitle "CBM 172 Extra"]
[Source "ChessBase"]
[SourceDate "2016.06.21"]
[SourceVersion "1"]
[SourceVersionDate "2016.06.21"]
[SourceQuality "1"]

1. e4 e5 2. Nf3 d6 3. Bc4 h6 4. 0-0 Be7 5. c3 Bd7 6. d4 Bf6 7. Be3 b5 8. Bb3 Na6 9. Nbd2 c5 10. d5 c4 11. Bc2 Ne7 12. Re1 Ng6 13. Nf1 Bg5 14. Qd2 Bf4 15. a4 Nc5 16. axb5 Bxb5 17. g3 Bxe3 18. Nxe3 h5 19. Nf5 Qf6 20. Qg5 Qxg5 21. Nxg5 f6 22. Nxd6+ Ke7 23. Nxb5 fxg5 24. Nxa7 h4 25. Ra3 Nb3 26. Bxb3 cxb3 27. Rea1 Kf7 28. Rxb3 hxg3 29. hxg3 Rae8 30. Rb7+ Kg8 31. Nc6 Kh7 32. Raa7 Rhg8 33. c4 Nf8 34. Ne7 Rh8 35. Nf5 Rg8 36. c5 g4 37. c6 Ng6 38. b4 Rgf8 39. Rxg7+ Kh8 40. Rh7+ 1-0

[Event "Barcelona Primavera La Lira op 9th"]
[Site "Barcelona"]
[Date "2016.05.05"]
[Round "5"]
[White "Colom Andres, Xavier"]
[Black "Palmero Castillo, Marcelino"]
[Result "1-0"]
[WhiteElo "1906"]
[BlackElo "1647"]
[PlyCount "69"]
[EventDate "2016.04.07"]
[EventType "swiss"]
[EventRounds "9"]
[EventCountry "ESP"]
[SourceTitle "CBM 172 Extra"]
[Source "ChessBase"]
[SourceDate "2016.06.21"]
[SourceVersion "1"]
[SourceVersionDate "2016.06.21"]
[SourceQuality "1"]

1. d4 Nf6 2. c4 e6 3. Nf3 d5 4. Nc3 Nbd7 5. Bf4 c6 6. e3 Qa5 7. Nd2 Be7 8. Bd3 dxc4 9. Nxc4 Qd8 10. 0-0 0-0 11. Qc2 Nb6 12. Rad1 Nxc4 13. Bxc4 Nd5 14. Bg3 Nxc3 15. bxc3 Bd6 16. Bd3 h6 17. c4 Bxg3 18. hxg3 Qe7 19. f4 b6 20. Be4 Bb7 21. c5 Kh8 22. Rd2 b5 23. Bf3 f6 24. Bh5 e5 25. dxe5 fxe5 26. Rfd1 Rad8 27. Rd6 exf4 28. exf4 Rxd6 29. Rxd6 Rd8 30. Qd3 Rxd6 31. Qxd6 Qxd6 32. cxd6 Bc8 33. Be8 c5 34. Bxb5 c4 35. d7 1-0

[Event "Barcelona Primavera La Lira op 8th"]
[Site "Barcelona"]
[Date "2015.05.21"]
[Round "7"]
[White "Falomir Ballega, Sergi"]
[Black "Palmero Castillo, Marcelino"]
[Result "1-0"]
[WhiteElo "1703"]
[BlackElo "1647"]
[PlyCount "73"]
[EventDate "2015.04.09"]
[EventType "swiss"]
[EventRounds "9"]
[EventCountry "ESP"]
[SourceTitle "CBM 166 Extra"]
[Source "ChessBase"]
[SourceDate "2015.06.18"]
[SourceVersion "1"]
[SourceVersionDate "2015.06.18"]
[SourceQuality "1"]

1. d4 Nf6 2. Nf3 d5 3. e3 Bf5 4. c4 e6 5. Qb3 Qc8 6. Nc3 c6 7. Bd2 Bd6 8. Rc1 Nbd7 9. cxd5 exd5 10. Nb5 Bc7 11. Nxc7+ Qxc7 12. Bb4 Qb6 13. Qa4 a5 14. Ba3 Qc7 15. Be2 Rb8 16. 0-0 Ne4 17. Bb5 Rc8 18. b4 0-0 19. bxa5 Rfe8 20. a6 Ra8 21. Bxc6 Rxa6 22. Qb3 bxc6 23. Bb4 f6 24. Nh4 Be6 25. f3 Nd6 26. e4 Nc4 27. exd5 Bxd5 28. Qd1 Ne3 29. Qe2 Ra4 30. a3 Qb8 31. Rfe1 Ra8 32. Rc3 g5 33. Rxe3 Rxe3 34. Qxe3 gxh4 35. Qh6 Nb6 36. Re7 Ra7 37. Qxh7+ 1-0

[Event "Girona-ch"]
[Site "Blanes"]
[Date "2015.??.??"]
[Round "8"]
[White "Alabert Vidal, Marc"]
[Black "Palmero Castillo, Marcelino"]
[Result "1-0"]
[WhiteElo "2021"]
[BlackElo "1942"]
[PlyCount "47"]
[EventDate "2015.09.27"]
[EventType "swiss"]
[EventRounds "9"]
[EventCountry "ESP"]
[SourceTitle "EXT 2017"]
[Source "ChessBase"]
[SourceDate "2016.10.25"]
[SourceVersion "1"]
[SourceVersionDate "2016.10.25"]
[SourceQuality "1"]

1. e4 c5 2. Nf3 d6 3. d4 cxd4 4. Nxd4 Nf6 5. Nc3 a6 6. Bg5 e6 7. f4 Be7 8. Qf3 Qc7 9. 0-0-0 Nbd7 10. g4 b5 11. Bxf6 Nxf6 12. g5 Nd7 13. f5 Ne5 14. Qg3 0-0 15. f6 Bd8 16. h4 d5 17. exd5 Nc4 18. d6 Qxd6 19. Qf3 Rb8 20. fxg7 Re8 21. Nf5 Qb4 22. Nh6+ Kxg7 23. Qxf7+ Kh8 24. Qxe8+ 1-0

[Event "Girona Territorial-ch"]
[Site "Girona"]
[Date "2013.10.27"]
[Round "5"]
[White "Serra Canals, Oriol"]
[Black "Palmero Castillo, Marcelino"]
[Result "1-0"]
[WhiteElo "1877"]
[BlackElo "1626"]
[PlyCount "25"]
[EventDate "2013.09.22"]
[EventType "swiss"]
[EventRounds "9"]
[EventCountry "ESP"]
[SourceTitle "EXT 2015"]
[Source "ChessBase"]
[SourceDate "2014.11.20"]
[SourceVersion "1"]
[SourceVersionDate "2014.11.20"]
[SourceQuality "1"]

1. d4 d5 2. c4 dxc4 3. Nf3 Nf6 4. Nc3 a6 5. a4 e6 6. e4 c5 7. Bxc4 cxd4 8. Nxd4 e5 9. Qb3 Qxd4 10. Bxf7+ Ke7 11. Be3 Qd6 12. Rd1 Be6 13. Qxb7+ 1-0